000 00253nam a2200109Ia 4500
008 220216s9999 xx 000 0 und d
100 _aBuist J M
245 0 _aRubber bonding
260 _bIRI Transactions
_c1950
700 _aNaunton W J S
942 _cJS
999 _c67496
_d67496